| 000 | 00760nam a22002177a 4500 | ||
|---|---|---|---|
| 999 |
_c7283 _d7283 |
||
| 003 | OSt | ||
| 005 | 20200102165036.0 | ||
| 008 | 200102e201911 spc ||||||||| 000 0 spa|d | ||
| 017 |
_aDL B 23355-2019 _bBiblioteca de Catalunya |
||
| 020 | _a9788412067552 | ||
| 040 |
_aES-BaUAB _bcat _cCDMR |
||
| 100 | 1 |
_aPeralta, Miquel _92518 |
|
| 245 | 1 | 0 |
_aSalir en los medios _b: lo que una empresa debe saber para ser noticia / _cMiquel Peralta Mas |
| 260 |
_aBarcelona ; _aMadrid : _bLibros de Cabecera, _c2019 |
||
| 300 |
_a235 p. ; _c21 cm |
||
| 650 | 7 |
_aComunicació en l'empresa _2lemac |
|
| 650 | 0 | 4 | _aMitjans de comunicació de massa i empreses |
| 650 | 0 | 4 |
_aEmpreses _xComunicació _xDirecció i administració |
| 650 | 0 | 4 |
_aRelacions públiques _xEmpreses |
| 942 | _cMON | ||